| 000 | 00357nam a2200121Ia 4500 | ||
|---|---|---|---|
| 008 | 220216s9999 xx 000 0 und d | ||
| 100 |
_aNgam _nS M |
||
| 245 | 0 | _aRubber wood: High yield but low tapping[potential as sawn timber for furniture, Malaysia] | |
| 260 |
_bMalaysian Business _c1984 |
||
| 300 | _a66-69 | ||
| 500 | _aAGRIS CD 1986-1988 | ||
| 942 | _cBO | ||
| 999 |
_c47690 _d47690 |
||